| 000 | 00760nas a2200253 4500 | ||
|---|---|---|---|
| 001 | BR9208437 | ||
| 003 | BR-BrBNA | ||
| 005 | 20231205093114.0 | ||
| 007 | ta | ||
| 008 | 230509b bl.|||p| |||| 00| 00por d | ||
| 040 |
_aBR-BrBNA _bpor _cBiblioteca Nacional de Agricultura |
||
| 041 | _a(En) | ||
| 072 | _aF63 | ||
| 100 | 1 | _aNelson, B. | |
| 100 | 1 | _aPrance, G.T. | |
| 245 | 1 | _aObservations on the pollination of Rhabdodedron macrophyllum (Spruce ex Benth.)Huber | |
| 650 | _aARVORE ANGIOSPERMA | ||
| 650 | _aPOLINIZACAO | ||
| 650 | _aINSETO POLINIZADOR | ||
| 650 | _aPOLEN | ||
| 773 | 0 |
_tActa Amazonica (Brazil) _xISSN 0044-5967 _g(Sep-Dec 1984), v. 14(3-4) p. 411-426 _wBR9208437 |
|
| 909 |
_a202311 _bLúcia _c55 _dLúcia Elande |
||
| 942 |
_2AGRIS _n0 _cANA |
||
| 999 |
_c136257 _d136257 |
||